| 000 | 00651nam a22001937a 4500 | ||
|---|---|---|---|
| 999 |
_c15057 _d15057 |
||
| 008 | 200212b ||||| |||| 00| 0 eng d | ||
| 020 | _a9718558152 | ||
| 082 |
_21994 _aDFil 301.599 _bP19 |
||
| 100 |
_aPanopio, Isabel S. _941728 |
||
| 245 |
_aSociology: _bSociology: Focus on the Philippines _cIsabel S. Panopio |
||
| 250 | _a3rd edition | ||
| 260 |
_aQuezon City: _bKen Incorporated, _c ©1994. |
||
| 300 |
_av, 465 pages: _billustrations; _c23 cm. |
||
| 500 | _aIncludes bibliography, index | ||
| 650 |
_aSociology _941729 |
||
| 700 |
_aCordero-Macdonald, Felicidad V. _eAuthor _941730 |
||
| 700 |
_aRaymundo, Adelisa A. _941731 |
||
| 942 |
_2ddc _cDFIL |
||